| 000 | 00379nam a2200157 i 4500 | ||
|---|---|---|---|
| 001 | bg | ||
| 100 | 1 | _aKOSAMIDER, A. | |
| 245 | 0 |
_aPrzekładniki prądowe / _cA. Kosamider, J. Olak, Z. Piotrowski. |
|
| 260 |
_aWarszawa, _c1985. |
||
| 700 | 1 | _aOLAK, J. | |
| 700 | 1 | _aPIOTROWSKI, Z. | |
| 040 | _cBPK | ||
| 041 | _apol | ||
| 942 | _cKS | ||
| 008 | s pl f |000 0 pol | ||
| 999 |
_c5097 _d5097 |
||
| 856 |
_uhttp://koha.tu.koszalin.pl/cgi-bin/koha/opac-detail.pl?biblionumber=5097 _yKatalog online BPK |
||